| 000 | 00376nam a22001217a 4500 | ||
|---|---|---|---|
| 008 | 190312b xxu||||| |||| 00| 0 eng d | ||
| 041 | _aeng | ||
| 080 | _a043.3 | ||
| 100 | _a0 | ||
| 101 | _aINI-BA | ||
| 245 |
_aMasat dhe veprimet për parandalimin dhe menaxhimin e rreziqeve në kantier ndërtimi- Rasti Studimor N.N.SH"Labi Gipser" Deçan _cAhmetxhekaj,F |
||
| 942 |
_2udc _cBK |
||
| 999 |
_c54725 _d54725 |
||